Truyền dẫn thủy lực trong chế tạo máy

Đã lưu trong:
書目詳細資料
主要作者: Trần Doãn Đỉnh ... [et al.]
格式: 圖書
語言:Undetermined
出版: H. KHKT 2002
主題:
標簽: 添加標簽
沒有標簽, 成為第一個標記此記錄!
Thư viện lưu trữ: Trung tâm Học liệu Trường Đại học Cần Thơ
LEADER 00526nam a2200169Ia 4500
001 CTU_49998
008 210402s9999 xx 000 0 und d
082 |a 621.2 
082 |b Tr527 
100 |a Trần Doãn Đỉnh ... [et al.] 
245 0 |a Truyền dẫn thủy lực trong chế tạo máy 
245 0 |c Trần Doãn Đỉnh ... [et al.] 
260 |a H. 
260 |b KHKT 
260 |c 2002 
650 |a fluid mechanics,fluid power technology 
980 |a Trung tâm Học liệu Trường Đại học Cần Thơ